Which Country? - Statistics

General Stats
  • This quiz has been taken 54 times
    22 since last reset
  • The average score is 7 of 15
Answer Stats
Hint Country % Correct
Which country produces the most corn? United States
80%
Which country is the world's most popular tourist destination? France
70%
What is the richest country by per-capita GPD? Monaco
70%
What country has the greatest biodiversity of plants and animals of any country? Brazil
65%
Which country has the most volcanoes? Indonesia
60%
Which country's name, derived from Serbian, means "field of blackbirds?" Kosovo
60%
Which country is the most sparsely populated? Mongolia
60%
Which country first allowed women to vote? New Zealand
50%
The Turkestan sand cat is the national animal of which country? Uzbekistan
40%
What is the 23 largest country in the world? Angola
30%
Which country's capital is Castries? Saint Lucia
30%
Which country became independent in 1984? Brunei
25%
The smallest bird, the bee hummingbird, is found in what country? Cuba
20%
The national anthem of what country is called, "We Salute You, Our Country"? Ecuador
15%
What country is the city of Sunyani in? Ghana
5%
No matching quizzes found
Score Distribution
Percent of People with Each Score
Percentile by Number Answered
Your Score History
You have not taken this quiz since the last reset